000 00762nam a2200241Ia 4500
003 OSt
005 20220923222053.0
006 a|||||r|||| 00| 0
007 ta
008 220922b |||||||| |||| 00| 0 hin d
024 _a202,841
037 _cTextual
040 _aARTS
_cARTS
_bhin
041 _2hin
_ahin
082 _aO157,3M76:g, 152J4
100 _aमदान, इन्द्रनाथ
_9156270
245 0 _aशरत्चन्द्ः चिन्तन व कला
246 _aSharatchandah chintan v kalā
260 _c2014
650 _aबंगाली साहित्य
_9156264
942 _hO157,3M76:g, 152J4
_cTEXL
_2CC
999 _c353642
_d353642